English as a second language for Cambridge IGCSERG : (Record no. 5805)

MARC details
000 -LEADER
fixed length control field 01101nam a22002297a 4500
001 - CONTROL NUMBER
control field 5805
003 - CONTROL NUMBER IDENTIFIER
control field FISKH
005 - DATE AND TIME OF LATEST TRANSACTION
control field 20250123092318.0
008 - FIXED-LENGTH DATA ELEMENTS--GENERAL INFORMATION
fixed length control field 250123b cb ||||| |||| 00| 0 eng d
020 ## - INTERNATIONAL STANDARD BOOK NUMBER
International Standard Book Number 9780198392873
040 ## - CATALOGING SOURCE
Original cataloging agency FISKH
Language of cataloging eng
Transcribing agency FISKH
Modifying agency FISKH
050 ## - LIBRARY OF CONGRESS CALL NUMBER
Classification number PZ7
082 ## - DEWEY DECIMAL CLASSIFICATION NUMBER
Classification number 400
100 ## - MAIN ENTRY--PERSONAL NAME
Personal name Akhurst, Chris
245 ## - TITLE STATEMENT
Title English as a second language for Cambridge IGCSERG :
Remainder of title Workbook /
Statement of responsibility, etc. By Chris Arkhurst and Lucy Bowley
260 ## - PUBLICATION, DISTRIBUTION, ETC.
Place of publication, distribution, etc. Oxford :
Name of publisher, distributor, etc. Oxford University Press ,
Date of publication, distribution, etc. 2014.
300 ## - PHYSICAL DESCRIPTION
Extent 120 pages :
Other physical details color illustrations, with CD ;
Dimensions 28 cm .
520 ## - SUMMARY, ETC.
Summary, etc. Supporting the Complete English as a Second Language for Cambridge IGCSE Student Book, and fully matched to the Cambridge IGCSE syllabus, this Workbook builds fluency and exam confidence. It provides rigorous practice in key skill areas, through varied and relevant activities that keepstudents engaged. Extra digital content gives students vital listening practice, preparing learners for complex tasks like "listening for inference".
700 ## - ADDED ENTRY--PERSONAL NAME
Personal name Bowley, Lucy
Relator term author
942 ## - ADDED ENTRY ELEMENTS (KOHA)
Source of classification or shelving scheme Dewey Decimal Classification
Koha item type Books
Suppress in OPAC No
Holdings
Withdrawn status Lost status Source of classification or shelving scheme Damaged status Not for loan Collection Home library Current library Shelving location Date acquired Total Checkouts Full call number Barcode Date last seen Copy number Price effective from Koha item type
    Dewey Decimal Classification     Non-Fiction Footprints International School Library Network Toul Kork Campus Footprints International School Library Network Toul Kork Campus TTP Secondary Non-Fiction Bookshelves 01/23/2025   AKH PZ7 400 FISSE03026 01/23/2025 1 01/23/2025 Books
    Dewey Decimal Classification     Non-Fiction Footprints International School Library Network Toul Kork Campus Footprints International School Library Network Toul Kork Campus TTP Secondary Non-Fiction Bookshelves 01/23/2025   AKH PZ7 400 FISSE03101 01/23/2025 2 01/23/2025 Books
    Dewey Decimal Classification     Non-Fiction Footprints International School Library Network Toul Kork Campus Footprints International School Library Network Toul Kork Campus TTP Secondary Non-Fiction Bookshelves 01/23/2025   AKH PZ7 400 FISSE03039 01/23/2025 3 01/23/2025 Books
    Dewey Decimal Classification     Non-Fiction Footprints International School Library Network Toul Kork Campus Footprints International School Library Network Toul Kork Campus TTP Secondary Non-Fiction Bookshelves 01/23/2025   AKH PZ7 400 FISSE03086 01/23/2025 4 01/23/2025 Books
    Dewey Decimal Classification     Non-Fiction Footprints International School Library Network Toul Kork Campus Footprints International School Library Network Toul Kork Campus TTP Secondary Non-Fiction Bookshelves 01/23/2025   AKH PZ7 400 FISSE03037 01/23/2025 5 01/23/2025 Books